| 000 | 00557nam a22001577a 4500 | ||
|---|---|---|---|
| 999 |
_c535607 _d535607 |
||
| 020 | _qHard Cover. | ||
| 082 | _a307.1 | ||
| 100 | _aMunir, Tariq | ||
| 245 |
_aMapping tourism crime and tourists’ perception of safety and security in a tourist city: _bThe Case Study of Murree / _cTariq Munir. |
||
| 260 |
_aIslamabad: _bSCEE NUST, _c2016. |
||
| 300 |
_a92 p. : _bill. ; _c30cm. |
||
| 942 |
_2ddc _cTHE |
||
| 650 |
_aUrban and Regional Planning MS-Thesis. _916266 |
||
| 700 |
_aDr. Abdul waheed _916525 |
||